01033pab a2200181 454500008004000000100002100040245004700061260000900108300001400117362001100131520051200142650002500654773003400679908000600713909001000719999001700729952010500746180718b2007 xxu||||| |||| 00| 0 eng d aSrivastava, Ravi aMeeting social goals or neoliberal reform? c2007 ap.812-15. a10 Mar aThe National Knowledge Commission has made a number of important general recommendations for higher education, but there has been little working out of detail and the database on some important dimensions is questionable. The main conclusions are based on an analysis of the public education system with very little focus on the growing private sector. It is doubtful whether the NKC recommendations constitute a step forward in meeting the national goals in higher education at this juncture. - Reproduced. aKnowledge Commission aEconomic and Political Weekly aN a73401 c73401d73401 00104070aIIPAbIIPAd2018-07-19hVolume no: 42, Issue no: 10pAR73861r2018-07-19w2018-07-19yAR